000 01060nac a22003497a 4500
001 BR9801934
003 BR-BrBNA
005 20240105122124.0
008 230509b bl.|||m| |||| 00| 0 por d
040 _aBR-BrBNA
_bpor
_cBiblioteca Nacional de Agricultura
072 _aF30
090 _a0120 BR9801934
100 1 _aViana, A.C.
100 1 _aMiranda, J.E.C.
100 1 _aCruz, J.C.
100 1 _aValente, J. de O.
100 1 _aFerreira, J.J.
110 1 _aCentro Nacional de Pesquisa de Milho e Sorgo, Sete Lagoas, MG (Brasil)
_91790
245 1 _aAvaliacao de cultivares de milho e de sorgo para silagem
260 3 _aSete Lagoas, MG (Brasil):
_c1998.
300 _a10 p.
490 _aPesquisa em Andamento - Centro Nacional de Pesquisa de Milho e Sorgo (Brazil)
_vno. 21
_xISSN 0101-5559
500 _a5 ref.
650 _aMilho
650 _aSorgo
650 _aSilagem
650 _aVariedade
650 _aRendimento
650 _aMateria Seca
909 _a202312
_bLúcia Elande
_c55
_dLúcia Elande
942 _2AGRIS
_n0
_cMS
999 _c289315
_d289315